[Event "Let's Play Chess!"]
[Site "http://www.queenalice.com/game.php?id=518107"]
[Date "2009.1.6"]
[Round "-"]
[White "gabyb_d"]
[Black "CampbellMarcel"]
[Result "0-1"]
[WhiteElo "1191"]
[BlackElo "1761"]

1. e4 d5 2. f3 dxe4 3. fxe4 e5 4. Nf3 Bd6 5. Bb5+ c6 6. Bd3 Bg4 7. h3 Bxf3 8.
Qxf3 Nf6 9. O-O O-O 10. Nc3 Na6 11. b4 Nxb4 12. Bc4 Nxc2 13. Rb1 Nd4 14. a4
Nxf3+ 15. Rxf3 Bc5+ 16. Kf1 b6 17. d3 Nh5 18. Rb2 Nf4 19. Rxf4 exf4 20. Bxf4 g5
21. Be3 Bxe3 22. Ke2 Bd4 23. Kd2 Bxc3+ 24. Kxc3 Qf6+ 25. Kd2 Qxb2+ 26. Ke3 b5
27. axb5 cxb5 28. Bd5 Qc1+ 29. Kd4 Rfd8 30. g4 Rac8 31. Ke5 Qc3+ 32. d4 Rxd5+
33. Kxd5 Qc6+ 34. Ke5 f6+ 35. Kf5 Kf7 36. e5 Qc2# 0-1

[Event "Challenge"]
[Site "http://www.queenalice.com/game.php?id=519148"]
[Date "2009.1.8"]
[Round "-"]
[White "gabyb_d"]
[Black "carina"]
[Result "1-0"]
[WhiteElo "1077"]
[BlackElo "1056"]

1. e4 f6 2. Bb5 c6 3. Bc4 g6 4. Nf3 Qc7 5. Ke2 f5 6. exf5 gxf5 7. d4 e6 8. Bh6
Bxh6 9. g3 Nf6 10. a4 Ng4 11. Ra3 c5 12. dxc5 Qxc5 13. Rc3 Qb6 14. Rb3 Qd8 15.
h3 Nf6 16. Re3 Bxe3 17. fxe3 d5 18. Bd3 Rg8 19. Bb5+ Kf8 20. h4 Rxg3 21. Qf1 Rg8
22. Rg1 Rh8 23. Rg5 a5 24. Qg1 Ne4 25. b3 h6 26. c4 Qd6 27. Qh2 Qc5 28. b4 axb4
29. cxd5 Qc2+ 30. Nfd2 Nxg5 31. hxg5 exd5 32. gxh6 Bd7 33. Bd3 Qb3 34. Nxb3 Rxa4
35. Qg1 Rxh6 36. Qf1 b5 37. Nc5 Rh5 38. Nxd7+ Nxd7 39. Bxb5 Ra7 40. Bxd7 Rxd7
41. Qg1 Rh8 42. Qg5 b3 43. Qxf5+ Rf7 44. Qxd5 Rhh7 45. Qb5 Rh2+ 46. Kd3 Rh1 47.
Qxb3 Rg7 48. Qb8+ Kf7 49. e4 Rh3+ 50. Kd4 Rh1 51. Qb3+ Kf6 52. Qf3+ Ke7 53. Nc3
Rc1 54. Qe3 Rg8 55. e5 Rgg1 56. Qh6 Rg4+ 57. Kd5 Rxc3 58. Qh7+ Kf8 59. e6 Rg5+
60. Kd6 Rc4 61. e7+ Ke8 62. Qh8+ Kf7 63. Qh7+ Rg7 64. Qf5+ Kg8 65. e8=Q# 1-0

[Event "Challenge"]
[Site "http://www.queenalice.com/game.php?id=519152"]
[Date "2009.1.8"]
[Round "-"]
[White "gabyb_d"]
[Black "Aldino"]
[Result "0-1"]
[WhiteElo "1077"]
[BlackElo "1952"]

1. e4 e5 2. Nf3 d6 3. c4 Nf6 4. d3 c6 5. Bg5 h6 6. Nc3 hxg5 7. Nxg5 Ng4 8. Be2
Qxg5 9. Bxg4 Bxg4 10. Rc1 Bxd1 11. Rxd1 Qxg2 12. Ke2 Rxh2 13. Rdg1 Qxf2+ 0-1

[Event "Challenge"]
[Site "http://www.queenalice.com/game.php?id=519181"]
[Date "2009.1.8"]
[Round "-"]
[White "gabyb_d"]
[Black "windsweptthumb"]
[Result "0-1"]
[WhiteElo "1153"]
[BlackElo "2143"]

1. e4 c6 2. Bc4 d5 3. Bd3 dxe4 4. Bxe4 Nf6 5. Nf3 Nxe4 6. d3 Nf6 7. Ke2 Bg4 8.
h3 Bxf3+ 9. Kxf3 e6 10. Ke2 Bc5 11. Bg5 Qb6 12. Nc3 Nbd7 13. Ne4 Nxe4 14. dxe4
f6 15. Bh4 Rd8 16. a4 Ne5 17. Ra3 Rxd1 18. Kxd1 Bxa3 19. bxa3 Qb1+ 20. Kd2 Qxh1
21. f4 Qxg2+ 22. Kc3 Qxh3+ 23. Kb2 Nc4+ 24. Ka2 Qxa3+ 25. Kb1 Qb2# 0-1

[Event "AUTO-OPEN-1398"]
[Site "http://www.queenalice.com/game.php?id=520737"]
[Date "2009.1.11"]
[Round "1"]
[White "gabyb_d"]
[Black "aeapmestre"]
[Result "0-1"]
[WhiteElo "1153"]
[BlackElo "1814"]

1. e4 e5 2. Nf3 Nc6 3. Bb5 Nd4 4. Ng5 Qxg5 5. Bf1 Nf6 6. c3 Ne6 7. Bb5 Qxg2 8.
Rf1 Nf4 9. d3 c6 10. Bc4 d5 11. Bb3 Bh3 12. exd5 Qxf1+ 13. Kd2 Qxd3+ 14. Ke1
Ng2# 0-1

[Event "AUTO-OPEN-1398"]
[Site "http://www.queenalice.com/game.php?id=520738"]
[Date "2009.1.11"]
[Round "1"]
[White "aeapmestre"]
[Black "gabyb_d"]
[Result "1-0"]
[WhiteElo "1847"]
[BlackElo "1191"]

1. e4 c5 2. Nc3 d6 3. f4 h5 4. Bc4 Bg4 5. Nf3 Be6 6. Bxe6 fxe6 7. Ng5 d5 8. Nxe6
Qc8 9. Nxd5 Qxe6 10. Nc7+ Kd8 11. Nxe6+ Ke8 12. Nc7+ Kd8 13. Nxa8 Nf6 14. e5
Nfd7 15. Qf3 Rh6 16. Qxb7 e6 17. f5 exf5 18. d4 c4 19. Bg5+ Ke8 20. Qd5 Rg6 21.
Nc7# 1-0

[Event "AUTO-OPEN-1398"]
[Site "http://www.queenalice.com/game.php?id=520739"]
[Date "2009.1.11"]
[Round "1"]
[White "gabyb_d"]
[Black "IvanIrk"]
[Result "0-1"]
[WhiteElo "1180"]
[BlackElo "1618"]

1. e4 e5 2. Nf3 d6 3. Bb5+ c6 4. Nc3 cxb5 5. Nxb5 Nf6 6. O-O Nxe4 7. Re1 Nf6 8.
a4 Be7 9. Ra3 d5 10. Nxe5 Be6 11. Rc3 Bd6 12. Nf3 Qa5 13. Na3 Qxa4 14. d4 Nc6
15. Bd2 Nxd4 16. Be3 Nf5 17. h4 Nxh4 18. Nxh4 Qxh4 19. Nb5 O-O 20. Nxd6 b6 21.
b3 Ng4 22. f3 Qh2+ 23. Kf1 Qh1+ 24. Ke2 Qxg2+ 25. Kd3 Ne5+ 26. Kd4 Nxf3+ 27. Kd3
Rfd8 28. Nb5 Ne5+ 29. Kd4 Qe4# 0-1

[Event "AUTO-OPEN-1398"]
[Site "http://www.queenalice.com/game.php?id=520740"]
[Date "2009.1.11"]
[Round "1"]
[White "IvanIrk"]
[Black "gabyb_d"]
[Result "1-0"]
[WhiteElo "1695"]
[BlackElo "1180"]

1. e4 d6 2. c3 Nc6 3. d4 Nf6 4. Bb5 Qd7 5. d5 a6 6. Ba4 e6 7. dxc6 bxc6 8. Nf3
Nxe4 9. O-O Rb8 10. Nbd2 Rb6 11. Nxe4 d5 12. Ng3 Bb7 13. Be3 h5 14. Bxb6 cxb6
15. Ne5 Qd6 16. Re1 Qd8 17. Nxh5 Bd6 18. Nxg7+ Kf8 19. Qf3 Kxg7 20. Qxf7+ Kh6
21. Qg6# 1-0

[Event "Iniciante"]
[Site "http://www.queenalice.com/game.php?id=528335"]
[Date "2009.1.24"]
[Round "-"]
[White "lcchaves13"]
[Black "gabyb_d"]
[Result "1-0"]
[WhiteElo "1408"]
[BlackElo "1180"]

1. e4 e5 2. Nf3 Nc6 3. Na3 Bb4 4. Nc4 d6 5. c3 Bc5 6. b4 Bxb4 7. cxb4 Nxb4 8. d4
Be6 9. d5 Bd7 10. Bg5 Qc8 11. Qb3 Nc6 12. dxc6 f6 13. cxd7+ Qxd7 14. Qxb7 Qd8
15. Na5 Nh6 16. Bb5+ Ke7 17. Nc6+ Kf7 18. Nxd8+ Raxd8 19. Qxc7+ Kf8 20. Qxd8+
Kf7 21. Qxh8 fxg5 22. Nxg5+ Kg6 23. Nxh7 Kh5 24. Be8+ g6 25. Nf6+ Kg5 26. h4+
1-0

[Event "Challenge"]
[Site "http://www.queenalice.com/game.php?id=539504"]
[Date "2009.2.13"]
[Round "-"]
[White "gabyb_d"]
[Black "tempastl"]
[Result "0-1"]
[WhiteElo "1171"]
[BlackElo "1522"]

1. e4 e5 2. Nf3 d6 3. Bc4 Be7 4. Nc3 Nf6 5. d3 O-O 6. O-O Bg4 7. a4 Nc6 8. Be3
Nb4 9. Ra3 Bxf3 10. Qd2 Bg4 11. f3 Bd7 12. g4 c5 13. h3 Be6 14. Rb3 Bxc4 15. Ra3
Ba6 16. b3 Nd7 17. f4 exf4 0-1

[Event "Challenge"]
[Site "http://www.queenalice.com/game.php?id=552786"]
[Date "2009.3.8"]
[Round "-"]
[White "aeciocoracaodepedra"]
[Black "gabyb_d"]
[Result "1-0"]
[WhiteElo "1243"]
[BlackElo "1169"]

1. e4 e5 2. Bc4 Nf6 3. Nc3 Nc6 4. d3 h5 5. Nf3 Bd6 6. Ng5 a5 7. Nxf7 Ke7 8. Nxd8
Kxd8 9. Bg5 Nd4 10. Bxf6+ Be7 11. Bxe5 Rg8 12. Bxg8 Nc6 13. Nb5 g6 14. Bxc7+ Ke8
15. Qf3 Ra6 16. Qf7# 1-0